| 000 | 01046nam0a2200313 4500 | ||
|---|---|---|---|
| 001 | RU\NLR\bibl\516461 | ||
| 005 | 20250609143852.0 | ||
| 010 |
_a5-94538-471-2 _95000 |
||
| 021 |
_aRU _b2004-15364 _9790 |
||
| 035 | _a(NLR Aleph) 000508895 | ||
| 090 |
_a1220578 _c1220578 |
||
| 100 | _a20040430d2004 |||y0rusy50 ca | ||
| 101 | 0 | _arus | |
| 102 | _aRU | ||
| 105 | _ac ||||||||| | ||
| 200 | 1 |
_aСамые знаменитые авиаконструкторы России _fН. Скрицкий |
|
| 210 |
_aМ. _cВече _d2004 |
||
| 215 |
_a413 с. _cпортр. _d22 |
||
| 225 | 1 | _aСамые знаменитые | |
| 300 | _aНа обл. авт. не указан | ||
| 320 | _aБиблиогр.: с. 406-411 | ||
| 606 | 0 |
_aАвиаконструкторы _yРоссия _92331079 _3RU\NLR\auth\661393966 |
|
| 686 | _aО5д(2)2 | ||
| 700 | 1 |
_aСкрицкий _bН. В. _gНиколай Владимирович _4070 |
|
| 801 | 0 |
_aRU _bNLR _c20040430 _gPSBO |
|
| 801 | 1 |
_aRU _bNLR _c20040430 |
|
| 942 | _cBOOK | ||
| 980 | _aNB | ||